Vizualizácia softvéru v obohatenej realite

Saved in:
Bibliographic Details
Main Author: Száraz, Adam (Author)
Other Authors: Vincúr, Juraj (Thesis advisor)
Format: Manuscript Book
Language:Slovak
Published: 2021
Subjects:
Online Access:http://is.stuba.sk/zp/portal_zp.pl?podrobnosti=158974
Tags: Add Tag
No Tags, Be the first to tag this record!

MARC

LEADER 00000ntm a22000003a 4500
001 stuzp85687
003 SK-STU
005 20210619212030.8
007 ta
008 150427s2015----xo-----f-mn---000-0-slo-d
040 |a STU  |b slo 
041 0 |a slo 
100 1 |a Száraz, Adam  |u 070200  |4 aut  |U FIIT Fakulta informatiky a informačných technológií  |T FIIT Ústav informatiky, informačných systémov a softvérového inžinierstva  |X 86025  |U I200  |Y 179  |7 86025 
242 0 1 |a Software Visualization in Augmented Reality  |y eng 
245 1 0 |a Vizualizácia softvéru v obohatenej realite 
260 |c 2021 
650 4 |a vyvoj softveru  |2 slo 
650 4 |a rozsirena realita  |2 slo 
650 4 |a Vizualizacia softveru  |2 slo 
650 4 |a Software evolution  |2 eng 
650 4 |a Software vizualization  |2 eng 
650 4 |a Augmented reality  |2 eng 
700 1 |a Vincúr, Juraj  |u 070200  |k Z8  |4 ths  |U FIIT Fakulta informatiky a informačných technológií  |T FIIT Ústav informatiky, informačných systémov a softvérového inžinierstva  |X 5783  |U I200  |Y 179  |7 A000005783 
856 4 |u http://is.stuba.sk/zp/portal_zp.pl?podrobnosti=158974